00000000nam##2200000za#4500
0019.648058
003CaOODSP
00520210927150316
007ta
008150407|2001||||xxc|||||     f|0| 0 eng|d
020 |a0-662-30001-7
040 |aCaOODSP|beng
043 |an-cn---
0861 |aR2-139/2001E
1101 |aCanada. |bIndian and Northern Affairs Canada.
24510|aStories the totems tell : |bbringing Aboriginal poles to life
260 |aOttawa - Ontario : |bIndian and Northern Affairs |c2000.
300 |a6p. : |bfigs. ; |c28 cm.
563 |aPamphlet
590 |a03-09|b2003-02-28
77508|tLes récits que racontent les totems : |w(CaOODSP)9.681437
7760#|tStories the totems tell : |w(CaOODSP)9.697895